| 000 | 00688nam a2200217 a 4500 | ||
|---|---|---|---|
| 001 | 12371 | ||
| 003 | CO-ViMGA | ||
| 008 | 141112s2004 ck r 000 u spa d | ||
| 040 |
_aCO-ViMGA _bspa _cCO-ViMGA |
||
| 082 | 0 | 4 | _a347.91 D39t |
| 100 | 1 |
_aDebis, Echandia Hernando _917693 |
|
| 245 | 1 | 0 | _aTeoria General de la prueba Judicial |
| 260 |
_aBogotá : _bDike, _c1987 |
||
| 300 | _a744p. V.2 | ||
| 590 | _aForma de adquisición : DONACION - - Proveedor : MANUEL DARIO RODRIGUEZ - - Fecha de adquisición : 05 - 19 - 2000 | ||
| 650 | 1 | 4 |
_aCOLOMBIA _917694 |
| 650 | 1 | 4 |
_aPRUEBA - DERECHOS _917695 |
| 650 | 1 | 4 |
_aPRUEBA JUDICIALES _917696 |
| 650 | 1 | 4 |
_aPRUEBA PENAL _917697 |
| 942 |
_2ddc _cBK |
||
| 999 |
_c23380 _d23380 |
||